[Event "Namur op RNE"]
[Site "Namur"]
[Date "2011.01.28"]
[Round "2"]
[White "Chazard, Patrick"]
[Black "Mariavelle, Roland"]
[Result "1-0"]
[WhiteElo "1825"]
[BlackElo "1411"]
[PlyCount "35"]
[EventDate "2011.01.28"]
[EventType "swiss"]
[EventRounds "7"]
[EventCountry "BEL"]
[SourceTitle "EXT 2024"]
[Source "ChessBase"]
[SourceDate "2023.10.10"]
[SourceVersion "1"]
[SourceVersionDate "2023.10.10"]
[SourceQuality "1"]

1. e4 e5 2. f4 exf4 3. Bc4 Qh4+ 4. Kf1 d6 5. Nf3 Bg4 6. c3 Bxf3 7. Qxf3 Nc6 8. d4 Nf6 9. Bxf4 Nh5 10. Bxf7+ Kd7 11. Bxh5 g6 12. Qg4+ Qxg4 13. Bxg4+ Ke8 14. Na3 Bg7 15. Nb5 Ke7 16. Bg5+ Kf7 17. Nxc7 Rab8 18. Ke2 1-0

[Event "Namur op RNE"]
[Site "Namur"]
[Date "2011.01.28"]
[Round "3"]
[White "Degembe, Serge"]
[Black "Chazard, Patrick"]
[Result "1/2-1/2"]
[WhiteElo "1770"]
[BlackElo "1825"]
[PlyCount "47"]
[EventDate "2011.01.28"]
[EventType "swiss"]
[EventRounds "7"]
[EventCountry "BEL"]
[SourceTitle "EXT 2024"]
[Source "ChessBase"]
[SourceDate "2023.10.10"]
[SourceVersion "1"]
[SourceVersionDate "2023.10.10"]
[SourceQuality "1"]

1. e4 c5 2. Nf3 g6 3. d4 Bg7 4. d5 d6 5. c3 Nf6 6. Bg5 0-0 7. Bd3 Qb6 8. Qc2 e6 9. Nbd2 exd5 10. Bxf6 Bxf6 11. exd5 Re8+ 12. Ne4 Bg7 13. 0-0 Nd7 14. Rae1 Ne5 15. Nxe5 Rxe5 16. Ng3 Bd7 17. Rxe5 Bxe5 18. Kh1 Bb5 19. c4 Bd7 20. f4 Bg7 21. b3 f5 22. Re1 Qd8 23. Qe2 Qe8 24. Qxe8+ 1/2-1/2